Restaurants - Statistics

General Stats
  • This quiz has been taken 40 times
  • The average score is 22 of 137
Answer Stats
Answer % Correct
Mcdonalds
78%
Taco Bell
61%
Burger King
56%
KFC
56%
Starbucks
56%
Arbys
50%
Olive Garden
50%
Wendys
50%
Applebees
44%
Dominos
44%
Krispy Kreme
44%
Pizza Hut
44%
Red Lobster
44%
Sonic
44%
Dairy Queen
39%
Dunkin Donuts
39%
Little Caesars
39%
Buffalo Wild Wings
33%
Hardees
33%
Panda Express
33%
Panera Bread
33%
Papa Johns
33%
Whataburger
33%
White Castle
33%
Zaxbys
33%
Firehouse Subs
28%
Five Guys
28%
IHOP
28%
Long John Silvers
28%
Outback Steakhouse
28%
Subway
28%
Texas Roadhouse
28%
Chuck E Cheese
22%
Cracker Barrel
22%
Jimmy Johns
22%
PF Changs
22%
Quiznos
22%
Waffle House
22%
A&W
17%
Baskin Robbins
17%
Captain Ds
17%
Chic Fila
17%
Churchs Chicken
17%
Fazolis
17%
Golden Corral
17%
Mcalisters Deli
17%
Papa Murphys
17%
Qdoba
17%
TGI Fridays
17%
Bob Evans
11%
California Pizza Kitchen
11%
Cheddars
11%
Cheesecake Factory
11%
Chicken Salad Chick
11%
Culvers
11%
InNout Burger
11%
Logans Roadhouse
11%
Longhorn Steakhouse
11%
Marcos Pizza
11%
Mellow Mushroom
11%
Red Robin
11%
Ruby Tuesday
11%
Wahlburgers
11%
August Moon
6%
Backwoods BBQ
6%
Back Yard Burgers
6%
Bandanas BBQ
6%
Bobs Drive In
6%
Bonefish Grill
6%
Bubba Gump Shrimp Co
6%
Bucca di Beppo
6%
BurgerFi
6%
Burger Theory
6%
Carrabbas Italian Grill
6%
Cass Sweets & Eats
6%
Chongs
6%
Cinnabon
6%
Connors
6%
Country Cupboard
6%
Dairyette
6%
Dragon House
6%
First Watch
6%
Flamingo Row
6%
Freddys
6%
Great American Cookies
6%
Grecian Steakhouse
6%
Hokkaido
6%
Holman House
6%
Hugos
6%
Insomnia Cookies
6%
Italian Grill
6%
Italian Village Pizza
6%
Jasons Deli
6%
J Bella’s Pizzeria
6%
Jersey Mikes Subs
6%
Just Hamburgers
6%
Lone Oak Little Castle
6%
Loopy Larrys
6%
Maggianos Little Italy
6%
Mama Ds
6%
Mancinos
6%
Mr Gattis Pizza
6%
Nathans Famous
6%
New Asia
6%
No. 1 Chinese Food
6%
Noodles & Company
6%
O Charleys
6%
Parcells Deli Grille & Bakery
6%
Parkers Drive In
6%
Pasta House Co
6%
Pattis/Mr Bills
6%
Pe King
6%
Penn Station
6%
Pizza Inn
6%
Pizza Warehouse
6%
Ponderosa
6%
Reds Donuts
6%
Romanos Macaroni Grill
6%
Shaggys
6%
Smashburger
6%
Summers Sweetery
6%
Taco Johns
6%
TCBY
6%
Thai@US
6%
The Back Porch
6%
The Farm
6%
The Old Spaghetti Factory
6%
The Parlor
6%
Tribeca
6%
Tropical Smoothie Cafe
6%
Unknown BBQ Place
6%
Unknown NY Restaurant
6%
Unknown Pizza Place
6%
Unknown Seafood Place
6%
Wanna Spoon
6%
Which Wich
6%
Yardhouse
6%
No matching quizzes found
Score Distribution
Percent of People with Each Score
Percentile by Number Answered
Your Score History
You have not taken this quiz